[Event "IECC CL6-2000.08"]
[Site "IECC email"]
[Date "2000.01.27"]
[Round "?"]
[White "Smith, Matthew"]
[Black "Nyberg, Ake"]
[Result "0-1"]
[WhiteElo "1260"]
[BlackElo "1432"]
[PlyCount "48"]
[EventDate "2000.??.??"]
[EventType "tourn (corr)"]
[EventRounds "4"]
[SourceTitle "Corr 2008"]
[Source "ChessBase"]
[SourceDate "2008.06.24"]
[SourceVersion "1"]
[SourceVersionDate "2008.06.24"]
[SourceQuality "1"]

1. d4 Nf6 2. c4 e6 3. Nf3 b6 4. e3 Bb7 5. Bd3 c5 6. 0-0 Be7 7. Nc3 cxd4 8. exd4 d5 9. b3 Nc6 10. Bb2 dxc4 11. Bxc4 0-0 12. d5 Na5 13. dxe6 Nxc4 14. exf7+ Rxf7 15. bxc4 Qxd1 16. Raxd1 Bxf3 17. gxf3 Rc8 18. Nb5 Rxc4 19. Nxa7 Rc2 20. Be5 Rxa2 21. Nc6 Bc5 22. Bd4 Nd7 23. Bxc5 Nxc5 24. Rd8+ Rf8 0-1

[Event "IECC CL6-2000.04"]
[Site "IECC email"]
[Date "1999.11.15"]
[Round "?"]
[White "Smith, Matthew"]
[Black "Hulse, David"]
[Result "1-0"]
[WhiteElo "1248"]
[BlackElo "1272"]
[PlyCount "49"]
[EventDate "2000.??.??"]
[EventType "tourn (corr)"]
[EventRounds "4"]
[SourceTitle "Corr 2008"]
[Source "ChessBase"]
[SourceDate "2008.06.24"]
[SourceVersion "1"]
[SourceVersionDate "2008.06.24"]
[SourceQuality "1"]

1. d4 d5 2. c4 c6 3. Nf3 Nf6 4. Nc3 e6 5. cxd5 cxd5 6. Bg5 Be7 7. e3 Ne4 8. Bxe7 Qxe7 9. Qb3 a6 10. Rc1 Nd6 11. Bd3 b5 12. 0-0 0-0 13. Rfe1 Bd7 14. e4 dxe4 15. Nxe4 Bc6 16. Neg5 Bd5 17. Qc2 f5 18. Qc7 Nd7 19. Qa5 h6 20. Nxe6 Bxe6 21. d5 Rf6 22. Nd4 Nf8 23. dxe6 Nxe6 24. Nxb5 Nxb5 25. Bxb5 1-0